00323nam a22000857a 4500100006400000245008800064260002700152300001000179700004800189 aBisma Shafqata22MCSE09aSupervisor - Dr. Ali Raza Bhangwar aAssessment and Mitigation of SQL Injection XSS and CSRF in Web ZAP and VEGA (ME MS) aNawabshahbQUESTc2025 a105p. aDepartment of Computer Systems Engineering